| 000 | 00731cam a2200169 a 4500 | ||
|---|---|---|---|
| 001 | 000014480 | ||
| 005 | 20200929163845.0 | ||
| 008 | 860224s1983 ve b f000 0 spa d | ||
| 040 |
_aDO-SdBNP _bspa _cBNPHU |
||
| 082 |
_a987.0633 _bH565f |
||
| 100 | 1 |
_aHerrera Campins, Luis. _918065 |
|
| 245 | 1 | 0 |
_aFrente a 1958 : _bmaterial de discusión política electoral venezolana / _c[Luis Herrera Campins]. |
| 260 |
_aCaracas : _bPresidencia de la República, _c1983. |
||
| 300 |
_a161 p. ; _c18 cm. |
||
| 505 | 0 | _aEsto dice la constitución -- Carta informe de Herrera Campíns, al II Congreso de la Democracia Cristiana de América sobre la situación política de Venezuela -- La tumba dictatorial. | |
| 504 | _aBibliografía: p. 159-161. | ||
| 999 |
_c14069 _d14069 |
||